|
|
|
|
| LEADER |
01066nta a2200241 i 4500 |
| 001 |
dokt4283 |
| 005 |
20221013152938.0 |
| 008 |
200330s2000 hu om 0|| eng d |
| 040 |
|
|
|a SZTE Doktori Repozitórium
|b hun
|
| 041 |
|
|
|a eng
|
| 100 |
1 |
|
|a Péics Hajnalka
|
| 245 |
1 |
0 |
|a Asymptotic behavior of solutions of difference equations with continuous time
|h [elektronikus dokumentum] /
|c Péics Hajnalka
|
| 260 |
|
|
|c 2000
|
| 502 |
|
|
|a Disszertacio
|
| 650 |
|
4 |
|a matematika- és számítástudományok
|
| 650 |
|
4 |
|a Matematika
|
| 695 |
|
|
|a Matematika
|
| 700 |
0 |
1 |
|a Terjéki József
|e ths
|
| 700 |
0 |
1 |
|a Győri István
|e ths
|
| 856 |
4 |
0 |
|u https://doktori.bibl.u-szeged.hu/id/eprint/4283/1/2000_peics_hajnalka.pdf
|z Dokumentum-elérés
|
| 856 |
4 |
0 |
|u https://doktori.bibl.u-szeged.hu/id/eprint/4283/2/2000_peics_hajnalka_melleklet.pdf
|z Dokumentum-elérés
|
| 856 |
4 |
0 |
|u https://doktori.bibl.u-szeged.hu/id/eprint/4283/13/peics_hajnalka_tezis.pdf
|z Dokumentum-elérés
|
| 856 |
4 |
0 |
|u https://doktori.bibl.u-szeged.hu/id/eprint/4283/14/peics_hajnalka_theses.pdf
|z Dokumentum-elérés
|